000 00313nam a22001457a 4500
008 230522b ||||| |||| 00| 0 eng d
020 _a2724235215
041 _aFRA
080 _a82
082 _a82LIE
100 _a38
101 _aGJL
245 _aLA PALANQUIN DES LARMES
_cLIE CHING.CH
942 _2udc
_cBK
999 _c59787
_d59787